| 000 | 00454nam a2200169 a 4500 | ||
|---|---|---|---|
| 001 | 3347 | ||
| 005 | 20140414131918.0 | ||
| 008 | 040719s19uu xx 00 eng d | ||
| 020 | _a84-7773-761-4 | ||
| 050 |
_aER _bL72 2002 |
||
| 245 |
_aLittle red riding hood / _cGrafalco, S. A. |
||
| 260 |
_aManila, Philippines : _bNational Book Store, _c2002. |
||
| 300 | _a1 v. p. : ill. ; cm. | ||
| 440 | _aBig Stories | ||
| 650 | _aFolktales. | ||
| 999 |
_c111591 _d111591 |
||